00446nam a22001577a 4500003000400000082001800004100001600022245003000038260004400068300000800112650001700120653001700137942001200154952010500166999001700271SGT a617.643bA21R aRao, Ankita aAnchorage in Orthodontics aGurugram, HaryanabSGT Universityc2021 a101 aOrthodontics aOrthodontics 2ddccTH 00102ddc405171aFDbFDd2022-12-22l0o617.643 A21RpDT1395r2022-12-22 00:00:00w2022-12-22yTH c23616d23616